[Event "Terre degli Elimi op 5th"]
[Site "Erice"]
[Date "2014.07.24"]
[Round "8"]
[White "Van der Eijk, Martijn"]
[Black "Ferro, Mario"]
[Result "1-0"]
[WhiteElo "2198"]
[BlackElo "2242"]
[PlyCount "49"]
[EventDate "2014.07.19"]
[EventType "swiss"]
[EventRounds "9"]
[EventCountry "ITA"]
[SourceTitle "CBM 161 Extra"]
[Source "ChessBase"]
[SourceDate "2014.08.29"]
[SourceVersion "1"]
[SourceVersionDate "2014.08.29"]
[SourceQuality "1"]

1. c4 e5 2. Nc3 f5 3. Nf3 d6 4. d4 e4 5. Ng5 c6 6. Nh3 Nf6 7. e3 Be6 8. Be2 Qd7 9. d5 Bf7 10. 0-0 h6 11. f3 exf3 12. Bxf3 Be7 13. b3 0-0 14. Bb2 Na6 15. Qd4 Bd8 16. dxc6 bxc6 17. Rad1 Ne8 18. Qd2 Bb6 19. Kh1 Rd8 20. e4 fxe4 21. Bxe4 Nf6 22. Rxf6 gxf6 23. Qxh6 Be8 24. Rd3 Rf7 25. Rg3+ 1-0

[Event "Terre degli Elimi op 5th"]
[Site "Erice"]
[Date "2014.07.23"]
[Round "7"]
[White "Ferro, Mario"]
[Black "Manakova, Maria"]
[Result "1/2-1/2"]
[WhiteElo "2242"]
[BlackElo "2273"]
[PlyCount "71"]
[EventDate "2014.07.19"]
[EventType "swiss"]
[EventRounds "9"]
[EventCountry "ITA"]
[SourceTitle "CBM 161 Extra"]
[Source "ChessBase"]
[SourceDate "2014.08.29"]
[SourceVersion "1"]
[SourceVersionDate "2014.08.29"]
[SourceQuality "1"]

1. d4 Nf6 2. Nf3 g6 3. g3 Bg7 4. Bg2 0-0 5. 0-0 d5 6. c4 dxc4 7. Na3 c3 8. bxc3 c5 9. Ne5 Nc6 10. Nxc6 bxc6 11. Qa4 cxd4 12. cxd4 Nd5 13. Qxc6 Be6 14. Bd2 Rc8 15. Qa6 Nc7 16. Qa5 Qxd4 17. Rac1 Qb6 18. Rc6 Qxa5 19. Bxa5 Nd5 20. Rfc1 Rb8 21. Ra6 Rb2 22. Rc2 Rxc2 23. Nxc2 Rc8 24. Be4 Nf6 25. Bd3 Nd7 26. Bb4 Ne5 27. Be4 Rc4 28. f3 f5 29. Bd3 Nxd3 30. exd3 Bc8 31. dxc4 Bxa6 32. Bxe7 Bxc4 33. Bc5 a6 34. a3 Kf7 35. Nd4 Bd5 36. f4 1/2-1/2

[Event "Terre degli Elimi op 5th"]
[Site "Erice"]
[Date "2014.07.21"]
[Round "3"]
[White "Ferro, Mario"]
[Black "Mollema, Thomas"]
[Result "1-0"]
[WhiteElo "2242"]
[BlackElo "2076"]
[PlyCount "75"]
[EventDate "2014.07.19"]
[EventType "swiss"]
[EventRounds "9"]
[EventCountry "ITA"]
[SourceTitle "CBM 161 Extra"]
[Source "ChessBase"]
[SourceDate "2014.08.29"]
[SourceVersion "1"]
[SourceVersionDate "2014.08.29"]
[SourceQuality "1"]

1. Nf3 f5 2. d3 d6 3. e4 e5 4. Nc3 Nf6 5. exf5 Bxf5 6. d4 e4 7. Nh4 Bg4 8. Be2 Bxe2 9. Qxe2 d5 10. Bg5 Bb4 11. Qb5+ Nc6 12. Qxb7 Nxd4 13. 0-0-0 Bxc3 14. bxc3 Rb8 15. Bxf6 gxf6 16. Qa6 Nb5 17. Qc6+ Qd7 18. Qxf6 Rf8 19. Qe5+ Qe7 20. Rxd5 Na3 21. Qh5+ Rf7 22. Re5 Rb1+ 23. Kd2 Nc4+ 24. Ke2 Nxe5 25. Rxb1 Qc5 26. Nf5 Qxc3 27. Ne3 Nc6 28. Kf1 Qd2 29. Qe2 Qd6 30. Qc4 Kf8 31. Rd1 Qf4 32. Qc5+ Kg7 33. Nd5 Qg4 34. Nc3 Qf4 35. Ne2 Qf6 36. Ng3 Qg6 37. Re1 Rf4 38. Nh5+ 1-0

[Event "ITA-chT 46th"]
[Site "Condino"]
[Date "2014.05.02"]
[Round "5.4"]
[White "Ferro, Mario"]
[Black "Sibilio, Mario"]
[Result "1/2-1/2"]
[WhiteElo "2234"]
[BlackElo "2325"]
[PlyCount "87"]
[EventDate "2014.04.30"]
[EventType "team-swiss"]
[EventRounds "7"]
[EventCountry "ITA"]
[SourceTitle "CBM 160 Extra"]
[Source "ChessBase"]
[SourceDate "2014.07.01"]
[SourceVersion "1"]
[SourceVersionDate "2014.07.01"]
[SourceQuality "1"]
[WhiteTeam "Banca Nuova"]
[BlackTeam "Libertas Nereto"]
[WhiteTeamCountry "ITA"]
[BlackTeamCountry "ITA"]

1. d4 d5 2. Nf3 Nc6 3. c4 e5 4. e3 exd4 5. exd4 Bb4+ 6. Nc3 Nf6 7. a3 Be7 8. Ne5 dxc4 9. Nxc6 bxc6 10. Bxc4 0-0 11. h3 Nd5 12. 0-0 Bf6 13. Qd3 Rb8 14. Rd1 a5 15. Qf3 Be6 16. Ne4 Re8 17. b3 Nb6 18. Nxf6+ Qxf6 19. Qxf6 gxf6 20. Bxe6 fxe6 21. Bd2 Nd5 22. Rab1 Rb6 23. Rdc1 Reb8 24. Bxa5 Rxb3 25. Rxb3 Rxb3 26. Rxc6 Rxa3 27. Bxc7 Rc3 28. Rxc3 Nxc3 29. Kf1 h5 30. Ke1 Kf7 31. Kd2 Nd5 32. Bd6 Kg6 33. Kd3 f5 34. Be5 Kf7 35. Kc4 Ke7 36. Kd3 Kf7 37. Ke2 Nc3+ 38. Ke3 Nd5+ 39. Kf3 Kg6 40. Kg3 Kg5 41. Bf4+ Kg6 42. Be5 Kg5 43. Bf4+ Kg6 44. Be5 1/2-1/2

[Event "ITA-chT 43rd"]
[Site "Spoleto"]
[Date "2011.05.01"]
[Round "7"]
[White "Ferro, Mario"]
[Black "Xia, Jie"]
[Result "1-0"]
[WhiteElo "2242"]
[BlackElo "2224"]
[PlyCount "25"]
[EventDate "2011.04.28"]
[EventType "team"]
[EventRounds "7"]
[EventCountry "ITA"]
[SourceTitle "EXT 2012"]
[Source "ChessBase"]
[SourceDate "2011.11.24"]
[SourceVersion "1"]
[SourceVersionDate "2011.11.24"]
[SourceQuality "1"]
[WhiteTeam "La Zisa Palermo"]
[BlackTeam "Montebelluna"]
[WhiteTeamCountry "ITA"]
[BlackTeamCountry "ITA"]

1. e4 g6 2. d4 Bg7 3. Nf3 c5 4. dxc5 Qa5+ 5. c3 Qxc5 6. Be3 Qc7 7. Bd4 e5 8. Be3 Nf6 9. Na3 0-0 10. Nb5 Qc6 11. Nxe5 Qxe4 12. Nxf7 Rxf7 13. Nd6 1-0

[Event "ITA-chT 43rd"]
[Site "Spoleto"]
[Date "2011.04.30"]
[Round "5"]
[White "Ferro, Mario"]
[Black "Bontempi, Piero"]
[Result "1-0"]
[WhiteElo "2242"]
[BlackElo "2351"]
[PlyCount "67"]
[EventDate "2011.04.28"]
[EventType "team"]
[EventRounds "7"]
[EventCountry "ITA"]
[SourceTitle "EXT 2012"]
[Source "ChessBase"]
[SourceDate "2011.11.24"]
[SourceVersion "1"]
[SourceVersionDate "2011.11.24"]
[SourceQuality "1"]
[WhiteTeam "La Zisa Palermo"]
[BlackTeam "Ancona"]
[WhiteTeamCountry "ITA"]
[BlackTeamCountry "ITA"]

1. e4 c5 2. Nf3 Nc6 3. Bb5 d6 4. 0-0 Bd7 5. Re1 Nf6 6. c3 a6 7. Bf1 Bg4 8. d3 e6 9. h3 Bh5 10. Bg5 Be7 11. Nbd2 0-0 12. Qb3 d5 13. e5 Nd7 14. Qxb7 Ncxe5 15. Bxe7 Nxf3+ 16. Nxf3 Qxe7 17. Ne5 Rfd8 18. Nc6 Qd6 19. Nxd8 Rxd8 20. Qb3 e5 21. Qa3 Rb8 22. d4 Rb6 23. dxe5 Nxe5 24. Bxa6 f5 25. f4 Nf3+ 26. gxf3 Rxa6 27. Qb3 Bxf3 28. Kf2 Be4 29. Ke3 g5 30. Rf1 Rb6 31. Qa4 Kf7 32. b3 Ra6 33. Qb5 d4+ 34. Ke2 1-0

[Event "ITA-ch sf 70th"]
[Site "Torino"]
[Date "2010.06.23"]
[Round "4"]
[White "Fassio, Luca"]
[Black "Ferro, Mario"]
[Result "1/2-1/2"]
[WhiteElo "2050"]
[BlackElo "2259"]
[PlyCount "105"]
[EventDate "2010.06.20"]
[EventType "swiss"]
[EventRounds "9"]
[EventCountry "ITA"]
[SourceTitle "CBM 137 Extra"]
[Source "ChessBase"]
[SourceDate "2010.09.01"]
[SourceVersion "1"]
[SourceVersionDate "2010.09.01"]
[SourceQuality "1"]

1. e4 Nc6 2. Nf3 e5 3. Bc4 d6 4. 0-0 Bg4 5. c3 Qf6 6. Be2 0-0-0 7. d3 Be7 8. b4 d5 9. Qa4 dxe4 10. dxe4 Qg6 11. b5 Bh3 12. Ne1 Nb8 13. Qxa7 Nf6 14. Nd2 Nfd7 15. Nb3 b6 16. Be3 f5 17. exf5 Bxf5 18. c4 Bb4 19. Rc1 c5 20. bxc6 Nxc6 21. Qa6+ Kc7 22. c5 bxc5 23. Nxc5 Bxc5 24. Bxc5 Ra8 25. Qc4 Nxc5 26. Qxc5 Qd6 27. Qc4 Be6 28. Qh4 Rxa2 29. Bb5 Bd5 30. Nd3 g5 31. Qb4 e4 32. Qxd6+ Kxd6 33. Bxc6 exd3 34. Bxd5 Kxd5 35. Rfd1 Kd4 36. Rc7 Rd8 37. Rxh7 d2 38. Kf1 Kd3 39. Rb7 Kc2 40. Rbb1 Rb8 41. Rxb8 Kxd1 42. Rc8 Ra1 43. f4 Rc1 44. Rd8 Kc2+ 45. Ke2 Re1+ 46. Kf3 gxf4 47. Kxf4 Rf1+ 48. Kg5 d1Q 49. Rxd1 Kxd1 50. h4 Ke2 51. h5 Rg1 52. h6 Rxg2+ 53. Kf6 1/2-1/2